00543nam a2200193 a 4500001001300000003000900013005001700022008004100039020001000080082001700090100001800107245008100125260004200206300000900248500003500257505001000292650002900302700001800331nice12345678IN_TiNIC20260116014612.0050524s1992 paka grp 000 0 eng  ac30000a305.480bAFT aAftab, Tahera aChallenge for Changeb Literacy for the Girl of Today, the Woman of Tomarrow aPakistanbUniversity of Karachic1992 a241p aincludes index and biblioraphy2 aIndex aWomen-Education-pakistan1 aAftab, Tahera